[Event "32nd Taminco Open"]
[Site "Ghent BEL"]
[Date "2009.07.22"]
[Round "9"]
[White "Kovchan,A"]
[Black "Dgebuadze,A"]
[Result "1-0"]
[WhiteElo "2554"]
[BlackElo "2516"]

1.e4 e6 2.d4 d5 3.Nc3 Bb4 4.e5 Ne7 5.a3 Bxc3+ 6.bxc3 c5 7.Qg4 O-O 8.Bd3 Nbc6
9.Qh5 Ng6 10.Nf3 Qc7 11.Be3 c4 12.Bxg6 fxg6 13.Qg4 Qf7 14.Ng5 Qe8 15.h4 h6
16.Nh3 Bd7 17.O-O Rf5 18.g3 b5 19.Kg2 a5 20.Nf4 Kh7 21.Qe2 Qf7 22.Qd2 Rf8
23.Nh3 Qe7 24.Nf4 Rb8 25.Rh1 Be8 26.Ne2 Rf8 27.g4 Qb7 28.f3 Bf7 29.Rhb1 Qe7
30.Kg3 Rfc8 31.Qc1 Be8 32.Bd2 Rb7 33.Qe1 Rcb8 34.Qc1 Bf7 35.Qg1 b4 36.cxb4 axb4
37.axb4 Nxb4 38.Bxb4 Rxb4 39.Qc1 g5 40.hxg5 Rxb1 41.Rxb1 Rxb1 42.Qxb1 hxg5
43.c3+ Bg6 44.Qh1+ Kg8 45.Qe1 Bd3 46.Ng1 Kh7 47.Nh3 Kg6 48.Qa1 Qb7 49.Nxg5 Qe7
50.f4 Be4 51.Qa8  1-0

[Event "Continental ch-Americas"]
[Site "Sao Paulo BRA"]
[Date "2009.07.25"]
[Round "1"]
[White "Nobre,Jo"]
[Black "Name,G"]
[Result "0-1"]
[WhiteElo "1814"]
[BlackElo "2226"]

1.e4 e6 2.d4 d5 3.Nc3 Bb4 4.e5 b6 5.f4 h5 6.Nf3 Qd7 7.Bd2 Ba6 8.Bxa6 Bxc3
9.Bxc3 Nxa6 10.Qd3 Nb8 11.O-O Nh6 12.Nh4 g6 13.Be1 Nc6 14.Nf3 Nf5 15.Bh4 Ncxd4
16.Bf6 Nxf3+ 17.Rxf3 Rf8 18.Rd1 c5 19.c4 d4 20.Qe4 Rc8 21.Ra3 a5 22.Rb3 Qc6
23.Qd3 Kd7 24.Rb5 Kc7 25.Kf2 Ne3 26.Rg1 Ng4+ 27.Kg3 Rg8 28.Bg5 Ne3 29.h4 Kb7
30.Qb3 Ra8 31.Kf2 Ra6 32.Be7 a4 33.Qd3 Ka7 34.Bd6 Nf5 35.g3 Rd8 36.g4 hxg4
37.Rxg4 Qh1 38.Qf3 Qxf3+ 39.Kxf3 d3 40.Kf2 Nxd6 41.exd6 Rxd6 42.Rg1 Rd4 43.Ke3 Rxc4
44.b3 Rd4 45.b4 Rxb4 46.Rxb4 cxb4  0-1

[Event "Continental ch-Americas"]
[Site "Sao Paulo BRA"]
[Date "2009.07.26"]
[Round "2"]
[White "Barata,A"]
[Black "Prasca Sosa,R"]
[Result "0-1"]
[WhiteElo "2220"]
[BlackElo "2414"]

1.e4 e6 2.d4 d5 3.Nc3 Bb4 4.e5 b6 5.a3 Bf8 6.Bb5+ c6 7.Ba4 a5 8.Nce2 Ba6
9.c3 Ne7 10.f4 h5 11.Nf3 Qc8 12.O-O Bc4 13.Nd2 Bd3 14.Nf3 Qa6 15.Rf2 Nf5
16.Ne1 Be4 17.Bd2 b5 18.Bb3 a4 19.Ba2 Nd7 20.Nc2 Nb6 21.Nb4 Qb7 22.Ng3 Nxg3
23.hxg3 c5 24.Nc2 Nc4 25.Bc1 Rc8 26.Ne3 cxd4 27.cxd4 h4 28.gxh4 Rxh4 29.b3 Nxe3
30.Bxe3 Bxa3 31.bxa4 b4 32.Bc1 Kd7 33.Bxa3 Rch8 34.Rf1 Rh2 35.Qe2 bxa3 36.Rad1 Rxg2+  0-1

[Event "Continental ch-Americas"]
[Site "Sao Paulo BRA"]
[Date "2009.07.26"]
[Round "3"]
[White "Quesada Perez,Y"]
[Black "Uribe,M"]
[Result "1/2-1/2"]
[WhiteElo "2584"]
[BlackElo "2413"]

1.e4 e6 2.d4 d5 3.Nc3 Bb4 4.e5 Ne7 5.a3 Bxc3+ 6.bxc3 b6 7.Qg4 Ng6 8.h4 h5
9.Qd1 Ba6 10.Bxa6 Nxa6 11.Bg5 Qd7 12.a4 Nb8 13.Ne2 Qc6 14.a5 Nd7 15.Qd3 Qc4
16.Ng3 Qxd3 17.cxd3 f6 18.exf6 gxf6 19.Be3 Kf7 20.Kd2 c5  1/2-1/2

[Event "Czech Open A"]
[Site "Pardubice CZE"]
[Date "2009.07.27"]
[Round "4"]
[White "Paci,C"]
[Black "Vokac,M"]
[Result "0-1"]
[WhiteElo "2325"]
[BlackElo "2466"]

1.e4 e6 2.d4 d5 3.Nc3 Bb4 4.e5 b6 5.Qg4 Bf8 6.Bg5 Qd7 7.Nf3 Ba6 8.Bxa6 Nxa6
9.O-O c6 10.Ne2 Nc7 11.c4 h6 12.Qh5 Ne7 13.Bxe7 Bxe7 14.cxd5 exd5 15.e6 Qxe6
16.Nf4 Qe4 17.g3 g6 18.Qe5 Qxe5 19.Nxe5 Bd6 20.Nfd3 O-O 21.Rac1 Rfe8 22.Rxc6 Rad8
23.Nf4 Kg7 24.a4 Na6 25.Nfd3 f6 26.Nf3 g5 27.a5 Nb8 28.Rc2 Rc8 29.Rxc8 Rxc8
30.axb6 axb6 31.Ra1 Nc6 32.Ra6 Rb8 33.Nc5 Nxd4 34.Nxd4 Bxc5 35.Nf5+ Kg6 36.g4 h5
37.h3 hxg4 38.hxg4 Kf7 39.Kg2 Ke6 40.Kf3 Ke5 41.Ra1 d4 42.b3 Rh8 43.Re1+ Kd5
44.Rd1 Rh3+ 45.Ng3 Bd6 46.Kg2 Rh4 47.Nh5 Be5 48.f3 Rh2+  0-1

[Event "Open"]
[Site "Stara Pazova SRB"]
[Date "2009.07.27"]
[Round "4"]
[White "Nestorovic,N"]
[Black "Cabrilo,G"]
[Result "1/2-1/2"]
[WhiteElo "2410"]
[BlackElo "2494"]

1.e4 e6 2.d4 d5 3.Nc3 Bb4 4.e5 Qd7 5.Bd2 b6 6.Bb5 c6 7.Ba4 a5 8.a3 Bxc3 9.Bxc3 Ne7
10.h4 Ba6 11.h5 h6 12.Rh3 Bb5 13.Bxb5 cxb5 14.Qg4 Rg8 15.Rf3 Nbc6 16.Ne2 Qb7
17.Bd2 Nd8 18.Rb3 Ndc6 19.Rxb5 Kd7 20.a4 Rac8 21.Rb3 f6 22.exf6 gxf6 23.Qh3 Nf5
24.Bc3 Qa6 25.Rb5 Nce7 26.Nf4 Qb7 27.O-O-O Qc6 28.Kb1 Qd6 29.g3 Rg5 30.Re1 Ng7
31.Re3 Rc6 32.b3 Qc7 33.Bb2 Rf5 34.Re2 Ke8 35.Bc1 Rc3 36.Nxe6 Nxe6 37.Rxe6 Rxc2
38.Ba3 Rfxf2 39.Rxe7+ Qxe7 40.Bxe7 Rb2+ 41.Kc1 Rbc2+  1/2-1/2

[Event "Czech Open A"]
[Site "Pardubice CZE"]
[Date "2009.07.29"]
[Round "6"]
[White "Obodchuk,A"]
[Black "Cvek,R"]
[Result "1/2-1/2"]
[WhiteElo "2395"]
[BlackElo "2520"]

1.e4 e6 2.d4 d5 3.Nc3 Bb4 4.e5 b6 5.Qg4 Bf8 6.Nh3 Qd7 7.Bf4 g6 8.Qf3 Ba6
9.Bxa6 Nxa6 10.O-O c6 11.Nd1 h5 12.Qe2 Nc7 13.b3 c5 14.c3 Ne7 15.Ne3 Nc6
16.Rad1 Be7  1/2-1/2

[Event "MTO"]
[Site "Biel SUI"]
[Date "2009.07.31"]
[Round "11"]
[White "Kosintseva,T"]
[Black "Riazantsev,A"]
[Result "0-1"]
[WhiteElo "2539"]
[BlackElo "2647"]

1.e4 e6 2.d4 d5 3.Nc3 Bb4 4.e5 Ne7 5.a3 Bxc3+ 6.bxc3 b6 7.Qg4 Ng6 8.h4 h5
9.Qg3 Ba6 10.Bxa6 Nxa6 11.Bg5 Qd7 12.a4 c5 13.Qd3 Nb8 14.Ne2 Nc6 15.O-O Rc8
16.Ng3 Nce7 17.Qd1 cxd4 18.cxd4 Rc4 19.a5 b5 20.Ra3 Qc6 21.Nxh5 Nf5 22.Rb3 Nge7
23.Qg4 Ng6 24.Qd1 Nge7 25.Bxe7 Kxe7 26.Qg4 Kd7 27.Qg5 g6 28.Nf6+ Kc8 29.c3 Kb7
30.g4 Ne7 31.h5 Rxc3 32.Rxc3 Qxc3 33.h6 Qxd4 34.h7 Nc6 35.Re1 b4 36.Kg2 Ka6
37.Qc1 Qc3 38.Qa1 Qa3  0-1

[Event "University of Twente YM"]
[Site "Enschede NED"]
[Date "2009.08.01"]
[Round "2"]
[White "Melia,S"]
[Black "Miedema,R"]
[Result "1-0"]
[WhiteElo "2441"]
[BlackElo "2432"]

1.e4 e6 2.d4 d5 3.Nc3 Bb4 4.e5 Ne7 5.Bd2 b6 6.Nb5 Bxd2+ 7.Qxd2 Ba6 8.Qc3 Bxb5
9.Bxb5+ Nd7 10.Nf3 O-O 11.Qd2 f6 12.O-O c6 13.Bd3 fxe5 14.Ng5 Rf6 15.Bxh7+ Kh8
16.dxe5 Nxe5 17.Qe2 Qd6 18.Rae1 Nf7 19.Nxf7+ Rxf7 20.Qh5 Rf6 21.Bg6+ Kg8
22.Qh7+ Kf8 23.Qh8+ Ng8 24.Bh7 Kf7 25.Re3 Rh6 26.h3 Rf8 27.Bxg8+ Rxg8 28.Rf3+ Rf6
29.Qh5+ g6 30.Qh7+ Rg7 31.Rxf6+ Kxf6 32.Qh4+ Kf7 33.Re1 e5 34.Qg3 Kf6 35.Re3 Re7
36.h4 Kf7 37.Rf3+ Ke8 38.Qg5 Rf7 39.Rg3 Rf6 40.h5 Kf7 41.hxg6+ Rxg6 42.Qh5 Kg7
43.Rxg6+ Qxg6 44.Qxe5+ Kf7 45.Qc7+ Ke8 46.Qb8+ Kd7 47.Qxa7+ Kc8 48.Qa6+ Kc7
49.Qd3 Qf6 50.c3 Qh6 51.Qd1 Kd6 52.g3 c5 53.a4 Qf6 54.Qb3 Ke5 55.f4+ Ke4
56.Qc2+ Kf3 57.Qg2+ Ke3 58.Kf1 d4 59.Qe2+  1-0

[Event "GMA"]
[Site "Peterhof RUS"]
[Date "2009.08.04"]
[Round "2"]
[White "Massironi,M"]
[Black "Morozov,G"]
[Result "0-1"]
[WhiteElo "2178"]
[BlackElo "2301"]

1.e4 e6 2.d4 d5 3.Nc3 Bb4 4.e5 Qd7 5.a3 Bxc3+ 6.bxc3 b6 7.Qg4 f5 8.Qg3 Ba6
9.Bxa6 Nxa6 10.Ne2 O-O-O 11.a4 Nb8 12.a5 Kb7 13.axb6 cxb6 14.O-O Rc8 15.Nf4 Nh6
16.Bd2 Rhg8 17.c4 Rxc4 18.Nxd5 Qxd5 19.Bxh6 Rxc2 20.Bg5 Nc6 21.Qd3 Rc4 22.Qa3 a5
23.Be3 Nb4  0-1

[Event "GMA"]
[Site "Peterhof RUS"]
[Date "2009.08.05"]
[Round "4"]
[White "Massironi,M"]
[Black "Lavretzkij,R"]
[Result "0-1"]
[WhiteElo "2178"]
[BlackElo "2313"]

1.e4 e6 2.d4 d5 3.Nc3 Bb4 4.e5 Ne7 5.a3 Bxc3+ 6.bxc3 c5 7.Qg4 Qc7 8.Qxg7 Rg8
9.Qxh7 cxd4 10.Ne2 Nbc6 11.f4 Bd7 12.Qd3 dxc3 13.Nxc3 a6 14.Ne2 O-O-O 15.h3 d4
16.Rb1 Nf5 17.g4 Nh4 18.Ng3 Na5 19.Kf2 Bb5 20.Rxb5 axb5 21.Ne4 Qc6 22.Rg1 Kb8
23.Nd6 Nc4 24.Nxb5 Ne3 25.Be2 Nxc2 26.Nd6 f6 27.Bd1 Ne3 28.Bxe3 dxe3+ 29.Qxe3 fxe5
30.fxe5 Qd5 31.Qe4 Rxd6  0-1

[Event "University of Twente YM"]
[Site "Enschede NED"]
[Date "2009.08.07"]
[Round "8"]
[White "Kleijn,C"]
[Black "Miedema,R"]
[Result "1-0"]
[WhiteElo "2377"]
[BlackElo "2432"]

1.e4 e6 2.Nc3 d5 3.d4 Bb4 4.e5 Ne7 5.a3 Bxc3+ 6.bxc3 c5 7.a4 Qa5 8.Bd2 Nbc6
9.Nf3 Bd7 10.Be2 Qc7 11.Qc1 O-O 12.Qa3 b6 13.O-O Na5 14.Bg5 Ng6 15.Bd3 Nc4
16.Qc1 f6 17.exf6 gxf6 18.Bh6 Rfe8 19.h4 Nd6 20.h5 c4 21.hxg6 cxd3 22.Qf4 f5
23.gxh7+ Kxh7 24.Qh4  1-0

[Event "Arctic Chess Challenge"]
[Site "Tromso NOR"]
[Date "2009.08.08"]
[Round "8"]
[White "Rasmussen,A"]
[Black "Kiik,K"]
[Result "1-0"]
[WhiteElo "2536"]
[BlackElo "2475"]

1.e4 e6 2.d4 d5 3.Nc3 Bb4 4.e5 Qd7 5.a3 Bxc3+ 6.bxc3 b6 7.Qg4 f5 8.Qg3 Ba6
9.Bxa6 Nxa6 10.Ne2 Kf7 11.Nf4 Ne7 12.a4 c5 13.O-O Rhc8 14.Nh5 Ng6 15.h4 cxd4
16.cxd4 Rxc2 17.Nxg7 Kxg7 18.h5 Qf7 19.Bg5 Rac8 20.Ra3 Kf8 21.hxg6 hxg6 22.Qh2 R2c3
23.Rxc3 Rxc3 24.Qh8+ Qg8 25.Qf6+ Qf7 26.Qd8+ Qe8 27.Bh6+  1-0

[Event "ch-BLR U20"]
[Site "Minsk BLR"]
[Date "2009.08.16"]
[Round "7"]
[White "Kocheev,A"]
[Black "Stupak,K"]
[Result "1-0"]
[WhiteElo "2237"]
[BlackElo "2449"]

1.e4 e6 2.d4 d5 3.Nc3 Bb4 4.e5 Qd7 5.a3 Bxc3+ 6.bxc3 b6 7.a4 Ba6 8.Bxa6 Nxa6
9.Qe2 Nb8 10.a5 Nc6 11.axb6 cxb6 12.f4 Nge7 13.Nf3 Na5 14.O-O O-O 15.g4 Rac8
16.Qd3 f5 17.exf6 gxf6 18.Bd2 Kh8 19.Kh1 Nc4 20.Be1 Nd6 21.g5 Ng6 22.gxf6 Rxf6
23.Ne5 Qg7 24.Rg1 Ne4 25.Qh3 Rxc3 26.Qh5 Rxc2 27.Rxa7 Qxa7 28.Nxg6+ Rxg6
29.Rxg6 Qc7 30.Rxe6 Kg7 31.Qxd5 Rxh2+ 32.Kg1 Rh6 33.Rxh6 Qxf4 34.Rh2 Ng5
35.Rg2 Qe3+ 36.Bf2 Qc1+ 37.Kh2 Qf4+ 38.Kh1  1-0

[Event "ch-FRA National B"]
[Site "Nimes FRA"]
[Date "2009.08.17"]
[Round "7"]
[White "Apicella,M"]
[Black "Bricard,E"]
[Result "1/2-1/2"]
[WhiteElo "2525"]
[BlackElo "2469"]

1.e4 e6 2.d4 d5 3.Nc3 Bb4 4.e5 b6 5.Qg4 Bf8 6.Nge2 Ba6 7.Be3 Qd7 8.g3 Ne7
9.Bh3 Nbc6 10.Qf3 Ng6 11.a3 O-O-O 12.Qh5 Kb8 13.f4 f5 14.exf6 gxf6 15.O-O-O f5
16.Rhe1 Nce7 17.g4 fxg4 18.Bxg4 Nf5 19.Bxf5 exf5 20.Ng3 Bc8 21.Kb1 c6 22.Nce2 Bd6
23.Qf3 Rde8 24.Nh5 Qf7 25.Bf2 Re4 26.Nhg3 Nh4 27.Qc3 Re6 28.Qxc6 Bb4 29.Qxd5 Bxe1
30.Bxe1 Rhe8 31.Bc3 Bb7 32.Qb3 Bf3 33.Rf1 Qd7 34.d5 Bxd5 35.Qb4 Rxe2 36.Nxe2 Rxe2
37.Rd1 Re4 38.Be5+ Kb7 39.c4 Rxe5 40.fxe5 Be4+ 41.Kc1 Qe6 42.Rd6 Qxe5 43.Rd7+ Kc6
44.Rd2 a5 45.Qf8 Qe6 46.b3 Ng6 47.Qa8+ Kc5 48.Qa6 Kc6 49.Qa8+ Kc5 50.Qa6 Kc6
51.Qa8+  1/2-1/2

[Event "16th Vienna Open"]
[Site "Vienna AUT"]
[Date "2009.08.18"]
[Round "4"]
[White "Guliyev,N"]
[Black "Riedner,M"]
[Result "1-0"]
[WhiteElo "2555"]
[BlackElo "2201"]

1.e4 e6 2.d4 d5 3.Nc3 Bb4 4.e5 b6 5.Qg4 Bf8 6.h4 Qd7 7.h5 h6 8.Be3 Ne7 9.f4 Nbc6
10.Bf2 Bb7 11.O-O-O O-O-O 12.Nf3 Na5 13.Qh3 Kb8 14.g4 Rc8 15.Kb1 c5 16.dxc5 bxc5
17.Ne4 Qa4 18.Nxc5 Qc6 19.Bd4 Ng8 20.b4 Nc4 21.Nd2 Na3+ 22.Qxa3  1-0

[Event "5th Geller Mem Open A"]
[Site "Odessa UKR"]
[Date "2009.08.21"]
[Round "2"]
[White "Gorbunov,I RUS"]
[Black "Poluektov,Y2"]
[Result "0-1"]
[WhiteElo "2253"]
[BlackElo "2385"]

1.e4 e6 2.d4 d5 3.Nc3 Bb4 4.e5 b6 5.Qg4 Bf8 6.Bg5 Qd7 7.O-O-O h6 8.Bh4 g5
9.Bxg5 hxg5 10.Kb1 Be7 11.Nf3 Nh6 12.Qh5 g4 13.Nd2 Ba6 14.h3 Bxf1 15.Nxf1 Nc6
16.hxg4 O-O-O 17.Ne3 Kb7 18.Ne2 Rdg8 19.c3 Qe8  0-1

[Event "ch-SCCF State"]
[Site "Los Angeles USA"]
[Date "2009.08.22"]
[Round "5"]
[White "He,Tianyi"]
[Black "Abrahamyan,T"]
[Result "1-0"]
[WhiteElo "2107"]
[BlackElo "2273"]

1.e4 e6 2.d4 d5 3.Nc3 Bb4 4.e5 Ne7 5.a3 Bxc3+ 6.bxc3 c5 7.Qg4 O-O 8.Bd3 Nbc6
9.Qh5 Ng6 10.Nf3 Qc7 11.Be3 c4 12.Bxg6 fxg6 13.Qg4 Qf7 14.Ng5 Qe8 15.h4 h6
16.Nh3 Ne7 17.Nf4 Bd7 18.Rh3 b5 19.Rg3 Kh7 20.Nxe6 Kg8 21.f4 h5 22.Qh3 Qc8
23.f5 Rxf5 24.Nc5 Rf1+ 25.Kxf1 Bxh3 26.Rxh3 Qf5+ 27.Rf3 Qxc2 28.Bg5 Nf5 29.Re1 Qb2
30.e6 Qxa3 31.e7 Re8 32.Re6 b4 33.Rxg6 b3 34.Rxf5 Qxc5 35.dxc5 b2 36.Rf8+ Rxf8+
37.Ke2 b1=Q 38.Rxg7+ Kxg7 39.Bh6+ Kxh6 40.exf8=Q+ Kg6 41.Qg8+ Kf6 42.Qd8+ Kg7
43.Qg5+ Kf8 44.Qd8+ Kg7 45.Qe7+ Kg8 46.Qg5+ Kf8 47.Qh6+ Kg8 48.Qe6+ Kf8 49.c6 Qd3+
50.Kf2 Qd2+ 51.Kg1 Qc1+ 52.Kh2 Qf4+ 53.Kh3 d4 54.Qc8+ Kg7 55.Qd7+ Kf6 56.c7 Qe3+
57.g3 Qf3 58.Qd6+ Kg7 59.Qxd4+ Kg6 60.Qd6+ Kh7 61.Qd7+ Kg6 62.Qe8+ Kg7 63.Qe1 Qc6
64.Qe7+  1-0

[Event "9th Open"]
[Site "Brasschaat BEL"]
[Date "2009.08.23"]
[Round "9"]
[White "Haast,A"]
[Black "Colijn,S"]
[Result "1-0"]
[WhiteElo "2158"]
[BlackElo "2187"]

1.e4 e6 2.d4 d5 3.Nc3 Bb4 4.e5 Qd7 5.Qg4 Kf8 6.a3 Bxc3+ 7.bxc3 b6 8.a4 Ne7
9.h4 Ba6 10.Bxa6 Nxa6 11.h5 h6 12.Qe2 Nb8 13.g4 Nbc6 14.f4 Na5 15.Nf3 Rc8
16.O-O c5 17.Nh4 Qc6 18.f5 Ke8 19.f6 gxf6 20.exf6 Ng8 21.Ng6 fxg6 22.hxg6 Nxf6
23.Rxf6 Ke7 24.Rf7+ Kd8 25.g7 Rg8 26.Bxh6  1-0

[Event "XXVI Open A"]
[Site "Collado Villalba ESP"]
[Date "2009.08.23"]
[Round "3"]
[White "Rodriguez Yague,F"]
[Black "Unciti Juan,J"]
[Result "1/2-1/2"]
[WhiteElo "1811"]
[BlackElo "2107"]

1.e4 e6 2.d4 d5 3.Nc3 Bb4 4.e5 Ne7 5.a3 Bxc3+ 6.bxc3 c5 7.Nf3 Qa5 8.Bd2 Nbc6
9.Be2 f6 10.O-O c4 11.Re1 Bd7 12.Bf4 Ng6 13.Qd2 Nxf4 14.Qxf4 O-O 15.Qd2 fxe5
16.Nxe5 Nxe5 17.dxe5 Qc5 18.Qd4 b6 19.g3 Ba4 20.Bg4 Rae8 21.Re2 Re7 22.f4 g6
23.h4 Qxd4+ 24.cxd4 c3 25.Rb1 Kf7 26.Kf2 Rc7 27.Kf3 h5 28.Bh3 b5 29.Rg2 a5
30.g4 hxg4+ 31.Bxg4 Rh8 32.Rh2 b4 33.axb4 Rb7 34.b5 Rxb5 35.Rxb5 Bxb5  1/2-1/2

[Event "ch-POR"]
[Site "Amadora POR"]
[Date "2009.09.08"]
[Round "4"]
[White "Pereira,Rub"]
[Black "Santos,AntonioP"]
[Result "0-1"]
[WhiteElo "2447"]
[BlackElo "2264"]

1.e4 e6 2.d4 d5 3.Nc3 Bb4 4.e5 Qd7 5.Qg4 Bf8 6.Nf3 b6 7.h4 h5 8.Qf4 Nh6 9.Ne2 Nf5
10.Ng5 Ba6 11.Ng3 Bxf1 12.Rxf1 Nc6 13.Nxf5 exf5 14.Bd2 O-O-O 15.O-O-O Re8
16.Rfe1 Nd8 17.c4 f6 18.e6 Nxe6 19.Qxf5 fxg5 20.Qxd5 c6 21.Qf5 Bd6 22.d5 Nc7
23.Qxg5 cxd5 24.cxd5 Qg4 25.Kb1 Qxg5 26.Bxg5 Rhf8 27.f3 Kd7 28.Re4 Rf5 29.Red4 Re2
30.g4 Rxf3 31.gxh5 Be5 32.R4d2 Rff2 33.h6 gxh6 34.Bxh6 Rxd2 35.Rxd2 Rxd2
36.Bxd2 Nxd5 37.Kc2 Ke6 38.b3 Nf6 39.Kd3 Kd5 40.Bg5 Nh5 41.Be3 Bf6 42.Bf2 Nf4+
43.Kd2 Ke4 44.a4 Kf3 45.Bg1 Bxh4 46.a5 Bf2 47.Bxf2 Kxf2 48.Kc3 Ke3 49.Kc4 Kd2
50.axb6 axb6 51.Kb5 Nd5 52.Kc6 Kc3 53.Kxd5 b5 54.Ke5  0-1

[Event "7th ch-Mediterranean"]
[Site "Rijeka CRO"]
[Date "2009.09.14"]
[Round "5"]
[White "Makropoulou,M"]
[Black "Martinovic,Sa"]
[Result "0-1"]
[WhiteElo "2288"]
[BlackElo "2516"]

1.e4 e6 2.d4 d5 3.Nc3 Bb4 4.e5 Ne7 5.Qg4 Nf5 6.Bd3 h5 7.Qf4 Qh4 8.Nf3 Qxf4
9.Bxf4 Nc6 10.Bxf5 Bxc3+ 11.bxc3 exf5 12.h4 Na5 13.Rh3 Be6 14.Rg3 g6 15.Nd2 b6
16.Rb1 Kd7 17.Nb3 Nc6 18.Nc1 Rhc8 19.Nd3 Na5 20.Rb5 Nc4 21.Kd1 c6 22.Rb3 Rc7
23.Rh3 Rac8 24.Rh1 c5 25.dxc5 bxc5 26.Ke2 d4 27.Rhb1 Nb6 28.Rxb6 axb6 29.Rxb6 dxc3
30.a4 Ra8 31.Be3 Bc4 32.Kf3 Bxd3 33.Rd6+ Kc8 34.Rxd3 Rxa4 35.Rxc3 Rxh4 36.Bf4 Rc6
37.Ra3 Rg4 38.Ra7 Rc7 39.Ra8+ Kb7 40.Rg8 Re7 41.Rg7 Kc6 42.g3 g5 43.Bxg5 Rxe5
44.c3 Kd5 45.Kg2 f4  0-1

[Event "7th ch-Mediterranean"]
[Site "Rijeka CRO"]
[Date "2009.09.15"]
[Round "7"]
[White "Milliet,S"]
[Black "Medic,Mir"]
[Result "0-1"]
[WhiteElo "2407"]
[BlackElo "2322"]

1.e4 e6 2.d4 d5 3.Nc3 Bb4 4.e5 Ne7 5.a3 Bxc3+ 6.bxc3 b6 7.Qg4 Ng6 8.h4 h5
9.Qg3 Ba6 10.Bxa6 Nxa6 11.Ne2 Qd7 12.a4 c5 13.O-O Rc8 14.Bg5 cxd4 15.Nxd4 Nc5
16.Qe3 Nxa4 17.Ra3 Nb2 18.Qe2 Nc4 19.Raa1 Ngxe5 20.f4 Ng4 21.f5 e5 22.f6 g6
23.Nf3 O-O 24.Nh2 Nxh2 25.Kxh2 Rfe8 26.Rf3 e4 27.Rg3 Ne5 28.Kh1 Ng4 29.Qd2 Rc6
30.Rf1 a5 31.Qd4 Qe6 32.Qd2 Qe5 33.Rf4 e3 34.Qe2 Rc4 35.Rfxg4 Rxg4 36.Rxe3 Rxh4+
37.Kg1 Re4  0-1

[Event "Quality Chess Int"]
[Site "Edinburgh SCO"]
[Date "2009.09.16"]
[Round "5"]
[White "Mikkelsen,N"]
[Black "Berry,N"]
[Result "1-0"]
[WhiteElo "2361"]
[BlackElo "2301"]

1.e4 e6 2.d4 d5 3.Nc3 Bb4 4.e5 b6 5.a3 Bf8 6.Nf3 Qd7 7.Bb5 Nc6 8.Ne2 Bb7
9.c3 O-O-O 10.Be3 h6 11.Qd3 Nge7 12.a4 Kb8 13.a5 Nc8 14.axb6 cxb6 15.O-O f5
16.Nd2 g5 17.f4 Qg7 18.Ra2 N6e7 19.Nf3 gxf4 20.Nxf4 Qf7 21.Nh4 Rg8 22.Qd1 Rg4
23.g3 Qg8 24.Nhg2 Nc6 25.Be2 Rg5 26.Nh5 Be7 27.Bxg5 hxg5 28.g4 f4 29.b4 a5
30.b5 N6a7 31.Bd3 Rf8 32.Raf2 Bd8 33.Kh1 Rf7 34.h4 Rc7 35.hxg5 Bxg5 36.Ngxf4 Bxf4
37.Rxf4 Rxc3 38.Qd2 Nxb5 39.Rb1 Nca7 40.Kg1 Qc8 41.Rxb5 Nxb5 42.Bxb5 Rc2
43.Qd3 Rc3 44.Qe2 Rb3 45.Rf3 Rb4 46.Qf2 Qc1+ 47.Bf1 a4 48.Rg3 Rb1 49.Nf4 Ba6
50.Nd3 Qc4 51.Ne1 Qb4 52.Bxa6 Rxe1+ 53.Bf1 a3 54.g5 Rd1 55.g6 Rd2 56.Qe3 a2
57.g7 a1=Q 58.g8=Q+ Kb7 59.Rg7+  1-0

[Event "ch-NED w"]
[Site "Haaksbergen NED"]
[Date "2009.09.20"]
[Round "10"]
[White "Van Weersel,A"]
[Black "Bensdorp,M"]
[Result "0-1"]
[WhiteElo "2209"]
[BlackElo "2325"]

1.e4 e6 2.d4 d5 3.Nc3 Bb4 4.e5 b6 5.a3 Bf8 6.Nce2 Qd7 7.f4 c5 8.c3 Nc6 9.Nf3 Nge7
10.Ng3 c4 11.Be2 Bb7 12.O-O Na5 13.Be3 g6 14.h3 Bc6 15.Nh2 h5 16.Nf3 Ba4
17.Qe1 h4 18.Nxh4 Rxh4 19.Ne4 dxe4 20.Qxh4 Nf5 21.Qf2 Be7 22.g3 Bc2 23.Kg2 Bd3
24.Rh1 Qb5 25.Bg4 Nxe3+ 26.Qxe3 Qxb2+ 27.Qf2 Bxa3 28.Rxa3 Qxa3 29.h4 Qxc3
30.h5 gxh5 31.Rxh5 O-O-O 32.f5 e3 33.Qxe3 Qc2+ 34.Qf2 Qxf2+ 35.Kxf2 exf5
36.Bxf5+ Bxf5 37.Rxf5 Rxd4 38.Rxf7 Nc6 39.e6 Re4  0-1

[Event "18th TCh-CRO w"]
[Site "Sibenik CRO"]
[Date "2009.09.22"]
[Round "2"]
[White "Madl,I"]
[Black "Medic,Mir"]
[Result "1-0"]
[WhiteElo "2386"]
[BlackElo "2322"]

1.e4 e6 2.d4 d5 3.Nc3 Bb4 4.e5 b6 5.Qg4 Bf8 6.Bb5+ c6 7.Ba4 b5 8.Bb3 a5 9.a3 Qd7
10.Nge2 Ne7 11.Ng3 Nf5 12.Nce2 Ba6 13.Nxf5 exf5 14.Qf3 g6 15.O-O Bg7 16.Re1 O-O
17.Nf4 Ra7 18.Bd2 Bc8 19.a4 b4 20.c3 bxc3 21.Bxc3 Qb7 22.Bc2 Be6 23.Nd3 Nd7
24.b4 axb4 25.Bxb4 Rfa8 26.Rec1 Qc8 27.Bd1 Ra6 28.Bd2 Bf8 29.a5 Rb8 30.h3 Rb7
31.Be2 Ra8 32.Bd1 Rc7 33.Ba4 Nb8 34.Qd1 Na6 35.Ra2 Qb7 36.Rb2 Qc8 37.Rbc2 Nb8
38.Nc5 Be7 39.Qe1 Bd8 40.Qe3 Re7 41.Nb3 Bd7 42.Bb4 Re8 43.Qd2 f6 44.Bd6 fxe5
45.Bxe5 Be7 46.Nc5 Bxc5 47.Rxc5 Qd8 48.Bxb8 Qxb8 49.Bxc6 Bxc6 50.Rxc6 Ra7
51.R6c5 Qd8 52.Qa2 Rd7 53.a6 Kg7 54.a7 Kh6 55.Rc8  1-0

[Event "18th TCh-CRO b"]
[Site "Sibenik CRO"]
[Date "2009.09.22"]
[Round "2"]
[White "Sedlak,N"]
[Black "Dizdarevic,E"]
[Result "1/2-1/2"]
[WhiteElo "2571"]
[BlackElo "2483"]

1.e4 e6 2.d4 d5 3.Nc3 Bb4 4.e5 Ne7 5.a3 Bxc3+ 6.bxc3 c5 7.Nf3 Qc7 8.Bf4 b6
9.Bb5+ Bd7 10.Bd3 Ba4 11.O-O h6 12.Qd2 Nd7 13.h4 a6 14.h5 Bb5 15.a4 Bxd3
16.cxd3 O-O 17.dxc5 bxc5 18.Nh4 Kh7 19.Rfe1 Rab8 20.d4 Qa5 21.Qd3+ Kh8 22.Qe3 Kh7
23.Qd3+  1/2-1/2

[Event "18th TCh-CRO"]
[Site "Sibenik CRO"]
[Date "2009.09.23"]
[Round "3"]
[White "Zelcic,R"]
[Black "Franic,M"]
[Result "1-0"]
[WhiteElo "2550"]
[BlackElo "2404"]

1.e4 e6 2.d4 d5 3.Nc3 Bb4 4.e5 Ne7 5.Nf3 b6 6.Bd2 Bxc3 7.Bxc3 a5 8.a3 Ba6
9.Bxa6 Nxa6 10.Qd3 c6 11.O-O Nf5 12.Bd2 a4 13.c4 O-O 14.Rac1 c5 15.Bg5 Qd7
16.Rfd1 h6 17.Be3 dxc4 18.Qxc4 b5 19.Qe2 c4 20.Bd2 Qc6 21.d5 exd5 22.Bc3 Nc5
23.Nd4 Nxd4 24.Bxd4 Rae8 25.Rc3 f6 26.Re3 fxe5 27.Rxe5 Nd3 28.Re3 Qg6 29.Rf1 Nf4
30.Qf3 Ne2+ 31.Qxe2 Re4 32.Rxe4  1-0

[Event "18th TCh-CRO"]
[Site "Sibenik CRO"]
[Date "2009.09.23"]
[Round "3"]
[White "Brkic,A"]
[Black "Saric,Iv"]
[Result "1-0"]
[WhiteElo "2544"]
[BlackElo "2573"]

1.e4 e6 2.d4 d5 3.Nc3 Bb4 4.e5 b6 5.a3 Bxc3+ 6.bxc3 Qd7 7.Qg4 f5 8.Qg3 Ba6
9.Bxa6 Nxa6 10.Ne2 Kf7 11.a4 Ne7 12.h4 Nb8 13.h5 h6 14.Nf4 Nbc6 15.Ba3 Rhe8
16.Ng6 Kg8 17.Rh4 Rec8 18.Ke2 Qe8 19.Rg1 Qf7 20.Qf4 Nxg6 21.hxg6 Qxg6 22.g4 fxg4
23.Rgxg4 Qxc2+ 24.Kf1 Qb1+ 25.Bc1 Qh7 26.Rxg7+ Qxg7 27.Rg4 Qxg4 28.Qxg4+ Kf7
29.Qh5+ Ke7 30.Ba3+ Nb4 31.cxb4 b5 32.axb5 Rf8 33.Qxh6 Rf7 34.Qc1 Kf8 35.Qc6 Re8
36.Bc1 Rh7 37.Bg5  1-0

[Event "10th Veselin Boskovic Mem"]
[Site "Beograd SRB"]
[Date "2009.10.01"]
[Round "4.1"]
[White "Perunovic,Mil"]
[Black "Markovic,Miros1"]
[Result "1-0"]
[WhiteElo "2572"]
[BlackElo "2458"]

1.e4 e6 2.d4 d5 3.Nc3 Bb4 4.e5 b6 5.Qg4 Bf8 6.Bb5+ c6 7.Ba4 a5 8.a3 Ba6 9.Nce2 Bb5
10.Bxb5 cxb5 11.Ng3 Qc8 12.c3 Qc4 13.N1e2 Nc6 14.f4 g6 15.Qf3 Nce7 16.Nf1 h5
17.Ne3 Qc6 18.h3 h4 19.Qf2 Nf5 20.Nxf5 gxf5 21.Ng1 Ne7 22.Nf3 Ng6 23.O-O Be7
24.Be3 Kd7 25.Rfc1 Qc4 26.Qc2 Rhc8 27.Nd2 Qc6 28.Qd3 Bf8 29.Qf1 Ke8 30.Kh2 Be7
31.Qe2 Kf8 32.b3 Kg7 33.Qf1 Ra7 34.a4 bxa4 35.bxa4 Rac7 36.Qa6 Bd8 37.Ra3 Qd7
38.Qd3 Be7 39.Ra2 Qe8 40.Kh1 Bb4 41.Nb1 Rc4 42.Kh2 Be7 43.Qd1 b5 44.axb5 Qxb5
45.Na3 Bxa3 46.Rxa3 a4 47.Rb1 Qd7 48.Bd2 Ra8 49.Rb6 Rc7 50.Rb4 Rca7 51.Qh5 Rb7
52.Be1 Rxb4 53.cxb4 Qe7 54.Bd2 Qa7 55.Be3 Rc8 56.Qd1 Ra8 57.Bf2 Qd7 58.Qh5 Qe7
59.Be1 Kg8 60.Qf3 Qa7 61.Qd1 Qa6 62.Qh5 Qf1 63.Bxh4 Qxf4+ 64.Rg3 a3 65.Bg5 Qxd4
66.Bf6  1-0

[Event "9th Master Open"]
[Site "Winterthur SUI"]
[Date "2009.10.08"]
[Round "7"]
[White "Haimovich,T"]
[Black "Ulibin,M"]
[Result "0-1"]
[WhiteElo "2422"]
[BlackElo "2533"]

1.e4 e6 2.d4 d5 3.Nc3 Bb4 4.e5 b6 5.Qg4 Bf8 6.Bd2 Ba6 7.Nge2 Qd7 8.O-O-O Nc6
9.Kb1 O-O-O 10.h4 f6 11.Bf4 h5 12.Qh3 Nge7 13.exf6 gxf6 14.Nc1 Bxf1 15.Rhxf1 Nf5
16.Nb3 Kb7 17.Ne2 a5 18.Nc3 Ra8 19.Nb5 a4 20.Nc1 Ra5 21.Nxc7 Bh6 22.Rfe1 e5
23.Bxh6 Rxh6 24.dxe5 Kxc7 25.e6 Qh7 26.Nd3 Nce7 27.Nf4 Nd6 28.Qg3 Qf5 29.Qe3 Rh8
30.f3 Rb5 31.g4 hxg4 32.fxg4 Qe5 33.Qxe5 fxe5 34.Rxe5 Rxh4 35.Rg5 Ne4 36.Rg7 Kd6
37.Kc1 Rh2 38.b3 Rc5 39.c4 Nc3 40.Nxd5 Nexd5 41.e7 Nxa2+ 42.Kb1 Nc3+ 43.Kc1 Rc8  0-1

[Event "17th TCh-Eur"]
[Site "Novi Sad SRB"]
[Date "2009.10.22"]
[Round "1"]
[White "Socko,B"]
[Black "Dizdarevic,E"]
[Result "1/2-1/2"]
[WhiteElo "2637"]
[BlackElo "2483"]

1.e4 e6 2.d4 d5 3.Nc3 Bb4 4.e5 Ne7 5.a3 Bxc3+ 6.bxc3 c5 7.Nf3 Qc7 8.h4 h6
9.h5 b6 10.Bb5+ Bd7 11.Bd3 Ba4 12.Bf4 Nd7 13.Qd2 a6 14.Rh3 Bb5 15.dxc5 bxc5
16.Nh4 Bxd3 17.cxd3 Rb8 18.Rg3 Rg8 19.Nf3 Rb3 20.Qc2 Qb7 21.Nd2 Rb2 22.Qa4 g5
23.hxg6 Rxg6 24.Qd1 Rxg3 25.Bxg3 Ng6 26.f4 h5 27.Rb1 h4 28.Bh2 Ne7 29.Qc1 Rb5
30.Kf2  1/2-1/2